000 00288nam a2200121Ia 4500
005 20251222155047.0
008 251222s9999||||xx |||||||||||||| ||spa||
082 _aINV. 17
100 _aWARWICK DONAL.
245 0 _aCentro de Investigaciones Sociales M
264 _bMinsa
942 _cLIB
999 _c37121
_d37121